[Event "Budapest zt-A"]
[Site "Budapest"]
[Date "1993.??.??"]
[Round "9"]
[White "Kolev, Atanas"]
[Black "Gdanski, Jacek"]
[Result "0-1"]
[WhiteElo "2510"]
[BlackElo "2480"]
[Annotator "Ribli,Z"]
[PlyCount "133"]
[EventDate "1993.03.??"]
[EventType "tourn"]
[EventRounds "11"]
[EventCountry "HUN"]
[EventCategory "11"]
[SourceTitle "CBM 034"]
[Source "ChessBase"]
[SourceDate "1993.06.01"]
[SourceVersion "1"]
[SourceVersionDate "1993.06.01"]
[SourceQuality "1"]

1. Nf3 c5 2. c4 Nc6 3. g3 g6 4. Bg2 Bg7 5. Nc3 e5 6. a3 Nge7 7. O-O d6 8. d3
O-O 9. Rb1 a5 (9... a6 10. b4 cxb4 11. axb4 b5 12. cxb5 axb5 13. d4 Rb8 14. d5
Nd4 15. Nd2 h5 $13 {Terreaux,G-Topokian,R Biel op 1992 EXP/31}) 10. Ne1 (10.
Bd2 $5 Rb8 11. Qa4 Bg4 12. Nb5 Qd7 13. Qc2 Rfc8 {Csom,I-Cramling,P Bern 1992
CBM/28 54/45} (13... Rfc8 14. b4 $14)) 10... Be6 11. Nc2 (11. Bg5 f6 $5 (11...
h6 12. Bxe7 Qxe7 13. Nc2 $14) 12. Be3 Qd7 13. Nc2 Bh3 14. Bxh3 Qxh3 15. Ne4 Qd7
16. f4 f5 17. Ng5 h6 18. Nh3 b6 19. b4 axb4 20. axb4 Kh7 21. Nf2 Ng8 $13 {
Oll,L-Cramling,P Dos Hermanas 1992 CBM/31}) 11... d5 (11... Rb8 $2 12. b4 axb4
13. axb4 b6 14. b5 Nd4 15. Ne3 $14 {Uhlmann,W-Bewersdorff,O Frankfurt 1990 CBM/
20}) 12. cxd5 Nxd5 13. Ne3 (13. Ne4 b6 14. Ng5 Bc8 15. Ne3 Nde7 $13 {Uhlmann,
W-Torre,E Leningrad izt 1973}) (13. Nxd5 $6 Bxd5 14. Bxd5 Qxd5 15. b4 $2 cxb4
16. axb4 a4 $15) 13... Nde7 14. Nc4 Rb8 15. Bg5 (15. f4 Nd5 16. fxe5 Nxe5 17.
Nxd5 Bxd5 18. Bxd5 Qxd5 19. Bf4 Rfe8 $15 {Byrne,D-Ivkov,B Novi Sad 1972 14/97})
15... f6 16. Be3 b6 17. f4 Nd5 $1 18. Bd2 (18. Nxd5 Bxd5 19. Bxd5+ Qxd5 20.
fxe5 f5 $13) 18... f5 $1 $13 19. Kh1 Nxc3 20. Bxc3 Bxc4 21. dxc4 e4 $15 {>< g2}
22. Qa4 Qc7 23. Rbd1 Bxc3 24. bxc3 Rbd8 25. h4 Ne7 26. Kg1 Kf7 27. Kf2 Ng8 28.
e3 Nf6 29. Rfe1 Rxd1 30. Rxd1 Rd8 31. Bf1 Ng4+ 32. Ke2 Rd3 $17 33. Rxd3 exd3+
34. Kd2 (34. Kxd3 Qd6+ 35. Ke2 Qe6 $19) 34... Qe7 35. Bxd3 Qxe3+ 36. Kc2 Kg7 $1
37. Qd7+ Kh6 38. Qd8 Nf2 39. Qg5+ Kg7 40. Bxf5 Qe2+ 41. Kc1 Qe1+ 42. Kc2 a4 43.
Qd8 $2 (43. Bd3 $5) 43... Qe2+ 44. Kc1 gxf5 45. Qg5+ Kf7 46. Qxf5+ Ke7 47.
Qxh7+ Kd6 48. Qg6+ Qe6 49. f5 Qxg6 50. fxg6 Ke6 51. Kd2 Kf6 52. Ke3 Nd1+ 53.
Kf4 Kxg6 54. g4 Nxc3 55. h5+ Kh6 56. Kf5 Nd1 57. g5+ Kxh5 58. g6 Ne3+ 59. Ke4
Kxg6 60. Kxe3 Kf5 61. Kd3 Ke5 62. Kc3 Kd6 63. Kd3 Kc6 64. Kc3 b5 65. cxb5+ Kxb5
66. Kd3 Kc6 67. Kc4 (67. Kc4 Kd6 68. Kb5 Kd5 69. Kxa4 c4 70. Kb4 Kd4 71. a4 c3
72. a5 c2 73. a6 c1=Q $19) 0-1

[Event "RUS-chT 11th"]
[Site "Sochi"]
[Date "2004.04.21"]
[Round "2.2"]
[White "Maletin, Pavel"]
[Black "Timofeev, Artyom"]
[Result "0-1"]
[WhiteElo "2423"]
[BlackElo "2591"]
[Annotator "Ribli,Z"]
[PlyCount "72"]
[EventDate "2004.04.20"]
[EventType "team-tourn"]
[EventRounds "9"]
[EventCountry "RUS"]
[SourceTitle "EXT 2020"]
[Source "ChessBase"]
[SourceDate "2019.10.17"]
[SourceVersion "1"]
[SourceVersionDate "2019.10.17"]
[SourceQuality "1"]
[WhiteTeam "Tomsk Siberian Athens-Neftekhim"]
[BlackTeam "Kazan Ladya"]
[WhiteTeamCountry "RUS"]
[BlackTeamCountry "RUS"]

1. Nf3 c5 2. g3 Nc6 3. Bg2 g6 4. c4 Bg7 5. Nc3 e5 {Mit diesem Zug kann Schwarz
eine asymmetrische Stellung erreichen. Schwarz schwächt von selbst sein
d5-Feld, aber er kann seinen Königsspringer besser als Weiß nach e7 platzieren
und nachfolgend f7-f5 ziehen.} 6. O-O Nge7 7. a3 a5 8. Ne1 {[%csl Yd5][%cal
Ge1c2,Gc2e3,Ge3d5] Mit diesem typischen Springermanoever (Ne1-Nc2-Ne3) zielt
Weiß auf das Feld d5.} O-O 9. Nc2 d6 10. Ne3 (10. d3 Be6 (10... Nd4 11. Rb1
Nxc2 12. Qxc2 Nc6 13. e3 f5 14. Nd5 g5 15. b4 axb4 16. axb4 f4 $132) 11. Ne3
Rb8 12. Ned5 b6 13. Bg5 f6 14. Bd2 Qd7 15. Qa4 Rfd8 16. Rfb1 Bh3 17. Nxe7+ Nxe7
18. Qxd7 Bxd7 19. b4 $14 {1-0 Seirawan,Y-Ni Hua/Beijing 2003/CBM 98 (45)})
10... Nd4 {[%csl Gd4] Der schwarze Springer erscheint auf d4, wonach Weiß mit
dem Raumgewinnzug 11...a4 rechnen muss.} 11. Rb1 (11. b3 f5 $13) 11... a4 12.
Nxa4 (12. d3 f5 13. Nxa4 f4 14. Nd5 Rxa4 15. Qxa4 Nxe2+ 16. Kh1 f3 17. Bg5
fxg2+ 18. Kxg2 Rf7 19. Nxe7+ Rxe7 20. Bxe7 Qxe7 $36) 12... Nxe2+ 13. Qxe2 Rxa4
$13 {Wir haben eine ungewöhnliche Stellung auf dem Brett - die Punkte d5 und
d4 sind beiderseitig schwach. Die Diagonale des g2-Läufers ist geöffnet, aber
Schwarz kann durch Ne7-Nc6 sein Gegenspiel ausführen.} 14. d3 h5 $5 {Eine
originelle Idee - Schwarz möchte eventuell h5-h4 ziehen und macht ein
Schlupfloch für seinen König auf h7. Und wenn der e3N weggeht, kann Schwarz
auch Bg4 ziehen.} (14... f5 15. Nd5 Nc6 16. Be3 Nd4 17. Bxd4 cxd4 $13) 15. Qd1
Ra7 {[%cal Ga7b7] Schwarz verteidigt prophylaktisch den b7-Bauern, der schwach
werden kann nach 16.b4.} 16. b4 Kh7 17. bxc5 dxc5 18. Bb2 Nc6 {[%cal Gc6d4]}
19. h4 $6 {Weiß möchte die Bauernstruktur am Königsflügel befestigen, aber der
Textzug schwächt die weiße Königsstellung.} (19. Nd5 h4 $13) 19... Nd4 {
[%csl Gd4]} 20. a4 {Wenn 20.Nd5 nicht geht, ist es nicht leicht für Weiß einen
aktiven Spielplan zu finden. Weiß möchte den d4N tauschen, aber in diesem Fall
wird sein a-Bauer schwach.} (20. Nd5 Bg4 21. f3 Bd7 $15) 20... Bd7 $15 {
[%csl Ra4] Schwarz hat eine starke Springerstellung auf d4 und der weiße a4P
ist schwach.} 21. Ra1 Qa5 22. Bxd4 cxd4 23. Nd5 f5 {Schwarz mobilisiert seine
Reserven am Königsflügel und er kann nun e5-e4 spielen.} (23... Bxa4 24. Qb1 {
[%cal Rd5b6,Rb6a4]} Qc5 25. Qb6 Rc8 26. Qxc5 Rxc5 27. Nb6 Rca5 28. Nxa4 Rxa4
29. Rxa4 Rxa4 30. Bxb7 $11) (23... Bc6 $15) 24. Qb3 Bc6 25. Rfe1 (25. Qb6 $6
Qxb6 26. Nxb6 e4 $17) 25... Re8 26. Qa3 $132 {[%cal Ga3f8]} Raa8 (26... Qd2 $5)
27. Rab1 $6 (27. Qd6 $1 $132) 27... Ra6 (27... Qxa4 $17) 28. Qc1 Qd8 29. f4 $6
{[%mdl 16384] Weiß schwächt nur seine Königsstellung.} (29. Nb4 $8 Bxg2 30.
Nxa6 Bf3 $44) 29... Rxa4 $17 30. Qc2 (30. fxe5 Rxe5 $17) 30... Qa5 {[%cal
Ga5e1,Ra4a2,Ra2g2]} 31. Re2 e4 $1 {[%mdl 64]} 32. dxe4 (32. Kh2 b5 $19) 32...
Qc5 {[%csl Rc4][%cal Rd4d3,Rc5g1] Es hängt der c4P und es droht 33...d3+ mit
Damengewinn.} 33. Kh2 Rxc4 $19 {Schwarz hat nur einen Bauern mehr, aber der
d5N verliert seine Unterstützung, so Weiß hat keine Chance.} 34. Qd3 fxe4 35.
Bxe4 Rxe4 36. Rxe4 Qxd5 0-1

[Event "Olympiad-33"]
[Site "Elista"]
[Date "1998.10.06"]
[Round "8.1"]
[White "Vaganian, Rafael A"]
[Black "Filippov, Valerij"]
[Result "0-1"]
[WhiteElo "2630"]
[BlackElo "2595"]
[Annotator "Ribli,Z"]
[PlyCount "142"]
[EventDate "1998.09.29"]
[EventType "team-swiss"]
[EventRounds "13"]
[EventCountry "RUS"]
[SourceTitle "CBM 068"]
[Source "ChessBase"]
[SourceDate "1999.02.01"]
[SourceVersion "1"]
[SourceVersionDate "1999.02.01"]
[SourceQuality "1"]
[WhiteTeam "Armenia"]
[BlackTeam "Russia II"]
[WhiteTeamCountry "ARM"]
[BlackTeamCountry "RUS"]

1. Nf3 c5 2. c4 Nc6 3. Nc3 e5 4. g3 (4. e3 {[%cal Gd2d4] Das wäre die
prinzipielle weiße Antwort. Ribli.}) 4... g6 5. a3 (5. Bg2 Bg7 6. O-O d6 7. d3
Nge7 8. Bg5 f6 9. Be3 (9. Bd2 O-O 10. Ne1 Be6 11. Nc2 Qd7 12. Ne3 Nd4 13. Ned5
Rad8 14. Rb1 Nxd5 15. Nxd5 Nc6 16. b4 b6 17. e3 Ne7 18. Nxe7+ Qxe7 19. Qe2 {
1-0 Nielsen,H-Hansen,V/Aalborg 1960/MCD (62)}) 9... O-O 10. a3 a5 11. Ne1 Be6
12. Nc2 Rb8 13. Rb1 b6 14. b4 axb4 15. axb4 Qd7 16. bxc5 bxc5 17. Rxb8 Rxb8 18.
Qa1 Bh3 {1/2-1/2 Karlsson,L-Ernst,T/Nordic zt 1992/CBM 31 (40)}) 5... a5 {
Schwarz verhindert den Vorstoß b2-b4.} (5... Bg7 6. Rb1 Nge7 7. Bg2 a5 8. d3
O-O 9. Bg5 f6 10. Bd2 d6 11. O-O Be6 12. Ne1 f5 13. Nc2 d5 14. b3 $5 {[#]} d4
15. Nb5 f4 16. b4 b6 17. bxc5 bxc5 18. a4 Qd7 19. Na1 Bh3 20. Nb3 {1-0
Petrosian,T-Radulov,I/Amsterdam 1973/MCL (35)}) 6. d3 {[%csl Yb5,Yd5] Auf
ersten Blick scheint die Lage des Schwarzen wegen seiner Felderschwächen
schwierig, aber in Wirklichkeit kann er das leicht überleben und sein Vorteil
ist, daß er mit seinem Königsspringer nach e7 kommen kann.} Bg7 7. Bg5 {
Weiß provoziert den Bauernzug ...f6.} (7. Bg2 Nge7 8. Nd2 d6 9. Nf1 Be6 10. Ne3
$5 {[%csl Yd5]}) 7... f6 (7... Nge7 8. Nd5 $14) 8. Bd2 Nge7 9. Bg2 O-O (9... d5
$2 10. cxd5 Nxd5 11. Nxe5 $16) 10. O-O {Anstelle der Rochade kann Weiß nicht
das sofortige Springermanöver Nf3-d2-f1-e3-d5 ausführen, weil sein Läufer auf
d2 steht.} d6 11. Ne1 {[%csl Yd5][%cal Ge1c2,Gc2e3,Ge3d5] Das ist ein
typisches Manöver. Der Springer strebt nach d5.} Be6 {[#]} 12. Nd5 {Weiß
vermeidet die möglichen Vereinfachungen nach 12...d5.} (12. Rb1 $5 d5 13. cxd5
Nxd5 14. Nxd5 Bxd5 15. Bxd5+ Qxd5 16. b4 $36) (12. Nc2 d5 13. cxd5 Nxd5 14.
Nxd5 Bxd5 $11) 12... Rb8 {[%cal Gb7b5]} 13. Nc2 b5 $11 {[%csl Gb8] Schwarz hat
keine Eröffnungsprobleme. Seine Aktivität kompensiert die Felderschwäche auf
d5.} 14. Nxe7+ (14. cxb5 $5 Rxb5 (14... Bxd5 15. Bxd5+ Nxd5 16. bxc6 Rxb2 17.
Rb1 $14 {[%csl Gb1,Gc6,Gd2]}) 15. Nxe7+ Nxe7 16. b4 $11) 14... Nxe7 15. cxb5 a4
$1 $15 {[%csl Yb3] [#]Das ist ein starker Zwischenzug. Schwarz hat noch Zeit
für ...Rxb5, legt zuerst die Felderschwäche b3 fest.} (15... Rxb5 16. b4 $11)
16. Ne3 Bb3 {[%csl Gb3]} 17. Qc1 Rxb5 {[%cal Gd6d5] Schwarz hat freie Hand, er
kann auch mit ...d6-d5 im Zentrum kommen.} 18. f4 $5 {Weiß wartet nicht ab,
sondern sucht aktives Figurenspiel am Königsflügel.} exf4 19. gxf4 d5 {[%csl
Gb3,Rc1,Gd5]} (19... f5 20. Bc3 $15) 20. f5 d4 {Schwarz nimmt die Einladung an.
} (20... g5 $5 $15) 21. Nc4 {[%csl Gc4]} Nxf5 22. Bc6 Rb8 23. Rxf5 $5 {Weiß
opfert die Qualität und bekommt lebendiges Figurenspiel. Der schwarze Läufer
steht nicht besonders gut auf g7.} gxf5 24. Bf4 $44 {[%csl Gc4,Gc6,Gf4]} Rc8 (
24... Kh8 25. Bxb8 Qxb8 $17) 25. Bf3 Kh8 {[%cal Gf8g8,Gg8g1]} 26. Kf2 (26. Nd6
Rg8 {[%cal Rg7f8]} 27. Nxc8 Qxc8 $17) 26... Rg8 27. Nd6 Bf8 $5 {[%cal Gb3f7]
Der b3-Läufer kontrolliert das Feld f7. Schwarz gibt die Qualität zurück und
behält einen Mehrbauern.} 28. Nxc8 Qxc8 $15 {[%csl Gb3,Gf3,Gf4,Rf5,Rf6,Rf8]
Schwarz hat einen Bauern mehr, aber die Doppelbauern in der f-Linie sind nicht
besonders stark.} 29. Qh1 {[%cal Gf3d5] Weiß möchte Bd5 ein Läuferpaar
tauschen.} Qe6 (29... Qd7) 30. Rg1 Rg6 $5 (30... Rxg1 31. Qxg1 $15) 31. Bh5 (
31. Rxg6 $2 hxg6 $17) 31... Bd5 32. Bf3 Bb3 33. Bh5 Bd5 {Schwarz demonstriert,
daß er, wenn er will, remis machen kann. Natürlich will er das nicht!} 34. Bf3
{[#]} Rxg1 35. Kxg1 (35. Qxg1 Bxf3 36. exf3 c4 $17) 35... Bb3 36. Bh5 c4 $1 37.
Qa8 $6 {Nach diesem Zug wird der schwarze c-Bauer stark.} (37. dxc4 Qxc4 (37...
Bc5 38. Qa8+) 38. Qa8 Qg8+ 39. Kf1 $15) 37... Qg8+ 38. Kf1 c3 39. bxc3 dxc3 {
[%csl Gc3]} 40. Qc6 {[%csl Gc6][%cal Rc6f6,Rc6c3]} c2 {[%csl Gc2]} (40... Qe6
41. Qxc3 Bxa3 $15 {[%csl Ga4]}) 41. Bc1 $6 {Dieser Zug ist sehr passiv.} (41.
Qxf6+ Qg7 (41... Bg7 42. Qxf5) 42. Qd8 $5 $132 (42. Qxg7+ Bxg7 {[%cal Rg7b2]}
43. Bc1 $8 f4 $1 {[%csl Gc2][%cal Rg7d4,Rd4e3,Re3c1]} 44. e3 (44. Bxf4 Bb2 $19)
44... fxe3 45. Ke2 Bd4 $19)) 41... Qd5 {[%csl Gd5]} 42. Qxd5 (42. Qxf6+ Bg7 {
[%cal Rd5h1]} 43. Qb6 Qh1+ 44. Qg1 Qxg1+ 45. Kxg1 f4 $19 {[%cal Rg7d4,Rd4e3,
Re3c1]}) 42... Bxd5 $17 {[#]Schwarz hat einen Bauern mehr und sein c-Freibauer
ist sehr stark.} 43. Be8 {[%cal Re8a4]} Bb3 44. Bd7 {[%cal Rd7f5]} f4 $1 {
[%cal Rf8c5,Rc5e3,Re3c1] Schwarz mobilisiert seinen f-Bauern.} 45. d4 $8 (45.
Bxf4 $4 Bxa3 $19) 45... Bd6 46. Bf5 $6 (46. Kg2 Kg7 $17) 46... f3 47. exf3 Bxh2
{Jetzt besitzt Schwarz einen gesunden Mehrbauern.} 48. f4 {[%cal Rf1g2,Rg2h2]}
Bg3 49. d5 $5 {Weiß verteidigt sich gut. Er gibt seinen d-Bauern für den
starken c2-Bauern.} (49. Ke2 h5 50. Kf3 h4 $17) 49... Bxd5 50. Bxc2 Bc6 $1 {
[%csl Gc6] Dort steht der schwarze Läufer ausgezeichnet.} (50... Bb3 51. Bf5
$17 (51. Bxb3 $2 axb3 52. a4 {[%cal Ra4a5,Ra5a6,Ra6a7,Ra7a8]} Bxf4 $1 $19)) 51.
Bd2 h5 {[%csl Gh5] Endlich mobilisiert Schwarz seinen Freibauern.} 52. Bf5 {
[%csl Gf5]} Kg7 53. Kg1 h4 54. Kf1 Kf7 {[%csl Gf5][%cal Gf5h3] Vorerst kommt
der Freibauer nicht voran. Schwarz muß ihn mit dem König unterstützen.} 55. Kg1
Ke7 56. Bb4+ Ke8 57. Bd2 (57. Bg6+ Kd8 58. Ba5+ Ke7 59. Bb4+ Ke6 $17) 57... Bd7
58. Bg6+ {Natürlich muß Weiß den Läufertausch vermeiden.} Ke7 59. Kg2 (59. Bb4+
Ke6 $17) 59... f5 60. Bh5 Kd6 61. Be2 Kc5 {[%csl Gc5] Das ist ein großer
Unterschied. Schwarz kann seinen König aktivieren, während der weiße König an
den h-Freibauern gebunden ist.} 62. Bd3 (62. Be3+ Kd6 63. Bd2 Bc6+ $17) 62...
Bc6+ 63. Kh3 (63. Kf1 h3 $19) 63... Be4 {[%csl Ge4]} 64. Bxe4 (64. Be2 Kd4 {
[%csl Gd4]} 65. Bb5 Bd3 $19 66. Bxa4 Bf1#) 64... fxe4 65. f5 Kd5 $1 (65... Kd4
66. f6 Bd6 (66... e3 $2 67. Bb4) 67. Bb4 Bxb4 68. axb4 e3 69. f7 e2 70. f8=Q
e1=Q $17) 66. Kg4 Bf2 67. Bg5 (67. Kf4 h3 $19) 67... e3 $19 68. Kf3 h3 {
Die schwarzen Bauern sind nicht zu bremsen.} 69. Bf4 Bg1 70. Bg3 h2 71. Kg2 e2
{Und Weiß gab auf.} (71... e2 72. f6 (72. Bh4 Ke5 73. f6 Ke6 74. Bg3 Bc5 $19)
72... Ke6 73. Bh4 Bc5 74. Kxh2 Bxa3 75. Kg2 Bb4 $19) 0-1

[Event "Seville op"]
[Site "Seville"]
[Date "1992.??.??"]
[Round "9"]
[White "Antunes, Antonio"]
[Black "Bellon Lopez, Juan Manuel"]
[Result "0-1"]
[WhiteElo "2465"]
[BlackElo "2435"]
[Annotator "Ribli,Z"]
[PlyCount "76"]
[EventDate "1992.??.??"]
[EventType "swiss"]
[EventRounds "9"]
[EventCountry "ESP"]
[SourceTitle "CBM 029"]
[Source "ChessBase"]
[SourceDate "1992.08.01"]
[SourceVersion "1"]
[SourceVersionDate "1992.08.01"]
[SourceQuality "1"]

1. Nf3 {Ernst} c5 2. c4 Nc6 3. g3 e5 4. d3 g6 5. Nc3 Bg7 6. Bg2 Nge7 7. O-O d6
8. a3 a5 9. Rb1 (9. Ne1 Be6 10. Nc2 d5 11. cxd5 Nxd5 12. Ne4 (12. Nxd5 Bxd5 13.
Bxd5 Qxd5 14. Ne3 Qe6 15. Bd2 O-O 16. a4 Rfd8 17. f3 Nd4 18. Nc4 b6 $13 {
Denker,A-Ernst,T New York op 1990 EXP/16}) 12... b6 13. Ng5 Bc8 14. Ne3 Nde7
15. Nc4 O-O 16. Bd2 h6 $13 {Uhlmann,W-Cramling,P Valby K41 1991 CBM/27}) 9...
Rb8 10. Ne1 (10. Bd2 O-O 11. Qa4 Bg4 $5 12. Nb5 Qd7 13. Qc2 Rfe8 14. Rfc1 b6
$13 {Csom,I-Cramling,P Bern 1992 CBM/28}) 10... Be6 11. Nd5 O-O 12. Bd2 (12.
Nc2 b5 13. Nxe7+ (13. Nce3 {Ernst} Qd7 14. cxb5 Rxb5 15. a4 Rbb8 16. Nxe7+ Nxe7
17. Nc4 Nc6 18. Bd2 e4 $1 19. Nxa5 Nxa5 20. Bxa5 $17 {Barcza - Uhlmann,
Sarajevo 1969, 20.-Lb3!}) 13... Nxe7 14. Ne3 a4 $1 15. Bd2 bxc4 16. dxc4 Rb3
17. Bc3 f5 18. Nd5 e4 $1 $17 {Lengyel,L-Wedberg Eskjo 1980 30/94}) 12... b5 13.
b3 f5 (13... b4 $5 14. a4 Qd7 15. e3 Kh8 16. Kh1 Rbe8 17. Nc2 f5 18. f4 Bg8 19.
Bc1 exf4 20. gxf4 Nc8 21. Bb2 Bxb2 22. Rxb2 Qg7 23. Qa1 Bxd5 24. cxd5 N6e7 25.
Rbb1 Qxa1 26. Rxa1 Nb6 27. e4 Ng8 $17 {Liebert-Barczay Kapfenberg 1970 9/53})
14. Nc2 b4 (14... h6 $5) 15. axb4 axb4 16. Bg5 $1 h6 17. Bxe7 Nxe7 18. Nxe7+
Qxe7 19. Ne3 Kh7 20. Ra1 (20. Nd5 $1 $13) 20... e4 21. Ra6 f4 22. gxf4 Rxf4 23.
dxe4 (23. Bxe4 Bh3 $44) 23... Be5 24. Nd5 Qh4 25. e3 (25. f3 Bxd5 26. Qxd5 Rf5
$1 {Bellon} 27. f4 Bd4+ 28. Qxd4 cxd4 29. exf5 gxf5 $17) (25. Nxf4 {Ernst} Qxf4
26. Re1 Qxh2+ 27. Kf1 Bh3 $19) 25... Rf3 $1 26. Nf4 Rxf4 27. exf4 Qxf4 28. Re1
Rf8 29. Ra2 Qxh2+ 30. Kf1 Bh3 31. Bxh3 Qxh3+ 32. Ke2 Qf3+ 33. Kf1 Qh1+ 34. Ke2
Qxe4+ 35. Kf1 Qh1+ 36. Ke2 Qf3+ 37. Kf1 Qh3+ 38. Ke2 Bd4 0-1

[Event "URS-ch U26"]
[Site "Minsk"]
[Date "1990.??.??"]
[Round "?"]
[White "Sorokin, Maxim"]
[Black "Anastasian, Ashot"]
[Result "0-1"]
[WhiteElo "2455"]
[BlackElo "2490"]
[Annotator "Ribli,Z"]
[PlyCount "96"]
[EventDate "1990.01.??"]
[EventType "tourn"]
[EventRounds "13"]
[EventCountry "URS"]
[EventCategory "10"]
[SourceTitle "CBM 017"]
[Source "ChessBase"]
[SourceDate "1990.08.01"]
[SourceVersion "1"]
[SourceVersionDate "1990.08.01"]
[SourceQuality "1"]

1. c4 c5 2. g3 g6 3. Bg2 Bg7 4. Nc3 Nc6 5. Nf3 e6 6. d3 Nge7 7. Bd2 O-O 8. Qc1
(8. O-O b6 9. a3 Bb7 10. Rb1 {Brunner,L-Georges,S/ Zug 1989}) 8... b6 9. Bh6
Bb7 10. h4 $5 Bxh6 $1 11. Qxh6 Nf5 12. Qf4 Qb8 $1 13. Qd2 Ncd4 14. Ne4 Nxf3+
15. Bxf3 f6 16. O-O-O $6 d5 17. Nc3 d4 18. Ne4 Nd6 19. h5 (19. Nxd6 Bxf3 20.
exf3 Qxd6 21. f4) 19... g5 20. Nxg5 $2 fxg5 21. Qxg5+ Kf7 22. h6 Bxf3 23. Qg7+
Ke8 24. exf3 Rf7 25. Qg4 Kd7 26. Rde1 Re7 27. f4 Qg8 $1 $17 28. Qf3 Rf8 29. Rh5
Rf5 30. Rxf5 Nxf5 31. Rh1 Nd6 32. Rh5 Qc8 $1 33. Kd2 Qc6 34. Qxc6+ Kxc6 35. Ke2
Nf7 36. g4 Nh8 $1 37. Re5 Kd6 38. Kf3 Rf7 39. Kg3 Ng6 40. Re4 e5 $1 41. f5 Nf4
42. Rxf4 exf4+ 43. Kxf4 Rf6 44. g5 Rf8 45. a3 a5 46. a4 Rg8 47. Kg4 Ke7 48. g6
Kf6 0-1

[Event "Bern zt"]
[Site "Bern"]
[Date "1990.??.??"]
[Round "15"]
[White "Zueger, Beat"]
[Black "Kindermann, Stefan"]
[Result "1/2-1/2"]
[WhiteElo "2415"]
[BlackElo "2560"]
[Annotator "Ribli,Z"]
[PlyCount "27"]
[EventDate "1990.01.??"]
[EventType "tourn"]
[EventRounds "15"]
[EventCountry "SUI"]
[EventCategory "9"]
[SourceTitle "CBM 017"]
[Source "ChessBase"]
[SourceDate "1990.08.01"]
[SourceVersion "1"]
[SourceVersionDate "1990.08.01"]
[SourceQuality "1"]

1. Nf3 g6 2. c4 Bg7 3. Nc3 c5 4. g3 Nc6 5. Bg2 d6 {5...Nh6 6.0-0, (h4!?) 6...
Nf5 Cifuentes,R-Milos,G Santiago 1989 CBM/12} 6. O-O Nh6 {6...Bd7 7.b3, Nf6
Chernin,A-Ivanov,I New York op(3) 1989  CBM/12} 7. a3 Nf5 8. Rb1 {8.e3, 0-0 9.
Rb1, a5?! 10.Ne1, Bd7 11.b3, Rb8 12.Nb5, Ne5 13.f4, Bxb5 14.cxb5, Nd7 15.Nf3,
d5 16.g4, Nd6 17.a4, c4 18.Ba3, Nb6 19.d3, cxb3 20.Qxb3, Qc8 21.Ne5 +/-
Lautier-Gavrikov Lugano op 1989  i 47/(66)} Bd7 $1 9. d3 Rb8 10. Bd2 a6 11. b4
cxb4 12. axb4 b5 13. cxb5 axb5 14. e3 1/2-1/2